NBA 2019 Free Agency Moves (2019-2020) - Statistics

General Stats
  • This quiz has been taken 1,428 times
  • The average score is 18 of 25
Answer Stats
Hint Player Answer % Correct
Raptors Kawhi Leonard Clippers
100%
Warriors Kevin Durant Nets
100%
Celtics Kyrie Irving Nets
100%
76ers Jimmy Butler Heat
99%
Hornets Kemba Walker Celtics
95%
Nets D'Angelo Russell Warriors
91%
Pelicans Julius Randle Knicks
88%
Raptors Danny Green Lakers
85%
Celtics Al Horford 76ers
78%
Warriors Demarcus Cousins Lakers
75%
Bucks Malcolm Brogdon Pacers
75%
76ers JJ Redick Pelicans
73%
Knicks Deandre Jordan Nets
72%
Timberwolves Derrick Rose Pistons
72%
Blazers Enes Kanter Celtics
68%
Pacers Bojan Bogdanovic Jazz
67%
Blazers Seth Curry Mavericks
64%
Jazz Ricky Rubio Suns
62%
Celtics Marcus Morris Knicks
56%
Pacers Thaddeus Young Bulls
55%
Bulls Bobby Portis Knicks
54%
Nuggets Isaiah Thomas Wizards
54%
Lakers Reggie Bullock Knicks
46%
Blazers Al-Farouq Aminu Magic
40%
Wizards Jeff Green Jazz
28%
No matching quizzes found
Score Distribution
Percent of People with Each Score
Percentile by Number Answered
Your Score History
You have not taken this quiz